| 000 | 00779nam a22002657a 4500 | ||
|---|---|---|---|
| 003 | CHAP | ||
| 005 | 20220329134440.0 | ||
| 008 | 971013s1958 r 00010 d | ||
| 010 | _a20640 | ||
| 011 | _a21612 | ||
| 035 | _a25702 | ||
| 040 | _cCHAP | ||
| 082 |
_a631.4 _bD65 |
||
| 100 | 0 | 0 |
_aDonahue, Roy Luther. _933940 |
| 245 | _aSoils; and introduction to soils and plant growth | ||
| 260 |
_aEnglewood Cliffs : _bPrentice Hall, _c1958 |
||
| 300 |
_a349 p. _b: ilus. |
||
| 590 |
_aBATCH-UPD _b10 _c20130110 _lUCH01 _h1513 |
||
| 590 |
_aCONVERSION _b10 _c20130109 _lUCH01 _h1312 |
||
| 650 | 1 | 4 |
_aPlantas _xCrecimiento _xAditivos. _988804 |
| 650 | 1 | 4 |
_aSuelos. _9110191 |
| 901 | _aBK | ||
| 942 | _cLIBRO | ||
| 949 |
_a631.4 D65 _bBC _cLIBRO _d33724000061412 _eLIBRO _h20954 _i25702 _si |
||
| 999 |
_c20640 _d20640 |
||